=LDR 00000nam 2200000 4500 =001 INLIS000000000001344 =005 20130612085742 =008 ***********************************Ind** =035 ##$$0010-061300000001344 =041 ##$$a Ind =082 ##$$a 892.71 =090 ##$$a 892.71, Gib-a =100 ##$$a GIBRAN, Kahlil =245 ##$$a Airmata dan senyuman, Kahlil Gibran =260 ##$$a 1999 $b Yogyakarta =300 ##$$a vii, 235 hlm, 1999 =650 ##$$a Kesusastraan - Arab =850 ##$$a NBPNMAT